Transport and national goals (Record no. 412097)

000 -LEADER
fixed length control field 00368cam a22001217a 4500
008 - FIXED-LENGTH DATA ELEMENTS--GENERAL INFORMATION
fixed length control field 180718b1969 xxu||||| |||| 00| 0 eng d
082 ## - DEWEY DECIMAL CLASSIFICATION NUMBER
Classification number W H118
245 ## - TITLE STATEMENT
Title Transport and national goals
Statement of responsibility, etc. edited by T. Haefele
260 ## - PUBLICATION, DISTRIBUTION, ETC.
Place of publication, distribution, etc. Washington
Name of publisher, distributor, etc. Brookings
Date of publication, distribution, etc. 1969
300 ## - PHYSICAL DESCRIPTION
Extent viii, 201p
650 ## - SUBJECT ADDED ENTRY--TOPICAL TERM
Topical term or geographic name entry element Transportation and state -Developing countries.
700 ## - ADDED ENTRY--PERSONAL NAME
Personal name Haefele, Edwin T.
Holdings
Withdrawn status Lost status Damaged status Not for loan Permanent Location Current Location Date acquired Full call number Barcode Date last seen Price effective from Koha item type
        Indian Institute of Public Administration Indian Institute of Public Administration 2009-02-03 W H118 DA3065 2018-07-21 2018-07-21 DA

Powered by Koha